000 02110cam a2200325 a 4500
999 _c7437
_d7437
001 31519905
003 OCoLC
005 20190211112636.0
008 941101s1995 tnua b 000 0 eng
010 _a94042608
020 _a9780840767479
020 _a0785261982
020 _a0785261508
020 _a0840767471
035 _a(OCoLC)31519905
040 _aDLC
_beng
_cDLC
_dTBS
_dBTCTA
_dYDXCP
_dSINLB
_dIDA
_dSGB
_dFDA
_dOCLCA
_dOCLCF
_dMZN
050 0 0 _aHD57.7
_b.M39423 1995
082 _a658.4
_bM465D
090 _aHD57.7
_b.M39423 1995
100 1 _aMaxwell, John C.,
_d1947-
245 1 0 _aDeveloping the leaders around you /
_cJohn C. Maxwell
246 3 0 _aLeaders around you
260 _aNashville, Tennessee :
_bThomas Nelson Publishers,
_cc1995
300 _a215 pages :
_billustrations. ;
_c24 cm
504 _aIncludes bibliographical references (p. 215)
505 0 _aThe leader's key question: Am I raising up potential leaders? -- The leader's toughest challenge: creating a climate for potential leaders -- The leader primary responsibility: identifying potential leaders -- The leader's crucial task: nurturing potential leaders -- The leader's daily requirement: equipping potential leaders -- The leader's lifelong commitment: developing potential leaders -- The leader's highest return: forming a dream team of leaders -- The leader's greatest joy: coaching a dream team of leaders -- The leader's finest hour: realizing value to and from leaders -- The leader's lasting contribution: reproducing generations of leaders
520 _aSupremely practical, this handbook is crammed with strategies that help you effectively transform your dreams into reality by building up your people. Emphasizing that your organization can't grow until its members grow, Dr. Maxwell encourages you to identify and train potential leaders. You'll learn how to foster productive team spirit, how to make difficult decisions, what to look for in promising leaders, ways to nurture, encourage, and equip people, how to handle confrontation, and much more
650 0 _aLeadership
942 _2ddc
_cBK